[Event "CFriend AR-2003-Q-00005 email"]
[Site "Chessfriend.com"]
[Date "2003.12.03"]
[Round "1"]
[White "Fridman, Daniel"]
[Black "Godlauskas, Arturas"]
[Result "1-0"]
[WhiteElo "2325"]
[BlackElo "1768"]
[PlyCount "43"]
[EventDate "2003.??.??"]
[EventType "tourn (corr)"]
[EventRounds "12"]
[SourceTitle "Corr 2008"]
[Source "ChessBase"]
[SourceDate "2008.06.24"]
[SourceVersion "1"]
[SourceVersionDate "2008.06.24"]
[SourceQuality "1"]

1. d4 e6 2. e4 d5 3. Nc3 Nf6 4. e5 Nfd7 5. f4 c5 6. Nf3 Nc6 7. Be3 a6 8. Qd2 b5 9. a3 Qb6 10. Ne2 Bb7 11. dxc5 Bxc5 12. Ned4 g5 13. c3 g4 14. Ng1 a5 15. h3 gxh3 16. Nxh3 b4 17. Ng5 b3 18. Nxh7 0-0-0 19. Rh3 Kb8 20. Ng5 Rxh3 21. gxh3 Rf8 22. 0-0-0 1-0

[Event "CFriend AR-2003-Q-00005 email"]
[Site "Chessfriend.com"]
[Date "2003.12.03"]
[Round "1"]
[White "Godlauskas, Arturas"]
[Black "Gildred, Terrence L Nick"]
[Result "0-1"]
[WhiteElo "1768"]
[BlackElo "2323"]
[PlyCount "52"]
[EventDate "2003.??.??"]
[EventType "tourn (corr)"]
[EventRounds "12"]
[SourceTitle "Corr 2008"]
[Source "ChessBase"]
[SourceDate "2008.06.24"]
[SourceVersion "1"]
[SourceVersionDate "2008.06.24"]
[SourceQuality "1"]

1. e4 c5 2. Nf3 d6 3. d4 cxd4 4. Nxd4 Nf6 5. Nc3 a6 6. Be2 e6 7. 0-0 Be7 8. Be3 0-0 9. f4 Qc7 10. a4 b6 11. Bf3 Bb7 12. Qe2 Nc6 13. Rad1 Na5 14. g4 Rfe8 15. g5 Nd7 16. Bg2 Nc4 17. Bc1 Qc5 18. Kh1 Rac8 19. Rf3 g6 20. Rh3 Bf8 21. b3 Na5 22. Nb1 Qc7 23. c4 d5 24. Qf2 dxc4 25. Qh4 h5 26. gxh6 Be7 0-1

[Event "CFriend AR-2003-Q-00005 email"]
[Site "Chessfriend.com"]
[Date "2003.12.03"]
[Round "1"]
[White "Godlauskas, Arturas"]
[Black "Haeusler, Werner"]
[Result "0-1"]
[WhiteElo "1768"]
[BlackElo "2460"]
[PlyCount "44"]
[EventDate "2003.??.??"]
[EventType "tourn (corr)"]
[EventRounds "12"]
[SourceTitle "Corr 2008"]
[Source "ChessBase"]
[SourceDate "2008.06.24"]
[SourceVersion "1"]
[SourceVersionDate "2008.06.24"]
[SourceQuality "1"]

1. e4 c5 2. Nf3 e6 3. d4 cxd4 4. Nxd4 Qb6 5. Be3 Qxb2 6. Nd2 a6 7. Bd3 Qb6 8. 0-0 Qc7 9. f4 d6 10. e5 dxe5 11. fxe5 Qxe5 12. Qf3 Nf6 13. Nc4 Qc7 14. Nf5 exf5 15. Nb6 Ng4 16. g3 Nxe3 17. Qxe3+ Kd8 18. Nxa8 Bc5 19. Nxc7 Bxe3+ 20. Kg2 Kxc7 21. Bxf5 f6 22. Rad1 Nc6 0-1

[Event "CFriend AR-2003-Q-00005 email"]
[Site "Chessfriend.com"]
[Date "2003.12.03"]
[Round "1"]
[White "Lichtenberg, Hans Juergen"]
[Black "Godlauskas, Arturas"]
[Result "1-0"]
[WhiteElo "2178"]
[BlackElo "1768"]
[PlyCount "43"]
[EventDate "2003.??.??"]
[EventType "tourn (corr)"]
[EventRounds "12"]
[SourceTitle "Corr 2008"]
[Source "ChessBase"]
[SourceDate "2008.06.24"]
[SourceVersion "1"]
[SourceVersionDate "2008.06.24"]
[SourceQuality "1"]

1. e4 e6 2. d4 d5 3. Nc3 Nf6 4. Bg5 dxe4 5. Nxe4 Nbd7 6. Bd3 Be7 7. Nxf6+ Bxf6 8. Bxf6 Qxf6 9. Nf3 c5 10. c3 cxd4 11. Nxd4 0-0 12. 0-0 e5 13. Nb3 Re8 14. Re1 Nf8 15. Be4 Rb8 16. Nc5 Qb6 17. b4 Be6 18. Qf3 Re7 19. a4 Qc7 20. Rad1 Bc4 21. Bc2 b6 22. Re4 1-0

[Event "CFriend AR-2003-Q-00005 email"]
[Site "Chessfriend.com"]
[Date "2003.12.03"]
[Round "1"]
[White "Schorra, Helmut"]
[Black "Godlauskas, Arturas"]
[Result "1-0"]
[WhiteElo "2351"]
[BlackElo "1768"]
[PlyCount "57"]
[EventDate "2003.??.??"]
[EventType "tourn (corr)"]
[EventRounds "12"]
[SourceTitle "Corr 2008"]
[Source "ChessBase"]
[SourceDate "2008.06.24"]
[SourceVersion "1"]
[SourceVersionDate "2008.06.24"]
[SourceQuality "1"]

1. d4 e6 2. c4 Nf6 3. Nf3 b6 4. a3 Bb7 5. Nc3 d5 6. cxd5 Nxd5 7. Bd2 Nd7 8. Nxd5 Bxd5 9. Qc2 c5 10. e4 Bb7 11. d5 exd5 12. exd5 Bd6 13. 0-0-0 0-0 14. Bb5 h6 15. Bc3 Nf6 16. Bc6 Rb8 17. h4 Ng4 18. Kb1 Qc7 19. Ng5 hxg5 20. hxg5 f5 21. g6 Nh6 22. Ka1 c4 23. Qd2 Rfe8 24. Bxe8 Rxe8 25. Rxh6 gxh6 26. Qxh6 Be5 27. Re1 Bxd5 28. f4 Qg7 29. Qh5 1-0

[Event "CFriend AC-2003-Q-00001 email"]
[Site "Chessfriend.com"]
[Date "2003.07.01"]
[Round "?"]
[White "Godlauskas, Arturas"]
[Black "Scacco, Mauro"]
[Result "0-1"]
[WhiteElo "1765"]
[BlackElo "2216"]
[PlyCount "44"]
[EventDate "2003.07.01"]
[EventType "tourn (corr)"]
[EventRounds "10"]
[SourceTitle "Corr 2008"]
[Source "ChessBase"]
[SourceDate "2008.06.24"]
[SourceVersion "1"]
[SourceVersionDate "2008.06.24"]
[SourceQuality "1"]

1. e4 e5 2. Nf3 Nc6 3. d4 exd4 4. Nxd4 Bc5 5. Nxc6 Qf6 6. Qd2 dxc6 7. Nc3 Qe7 8. Qg5 f6 9. Qg3 Be6 10. Bd2 0-0-0 11. 0-0-0 h5 12. h4 Nh6 13. Be2 Ng4 14. Bxg4 Bxg4 15. f3 Be6 16. Kb1 Rd7 17. Bc1 Rhd8 18. Rxd7 Rxd7 19. Rd1 Bd4 20. Ne2 Be5 21. Qe1 Rxd1 22. Qxd1 Qc5 0-1

[Event "CFriend AH-2003-0-00001 email"]
[Site "Chessfriend.com"]
[Date "2003.04.08"]
[Round "1"]
[White "Castillo, German"]
[Black "Godlauskas, Arturas"]
[Result "1-0"]
[WhiteElo "1853"]
[BlackElo "1800"]
[PlyCount "45"]
[EventDate "2003.??.??"]
[EventType "tourn (corr)"]
[EventRounds "12"]
[SourceTitle "Corr 2008"]
[Source "ChessBase"]
[SourceDate "2008.06.24"]
[SourceVersion "1"]
[SourceVersionDate "2008.06.24"]
[SourceQuality "1"]

1. e4 c5 2. Nf3 d6 3. d4 cxd4 4. Nxd4 Nf6 5. Nc3 g6 6. Be3 Bg7 7. f3 0-0 8. g4 Nc6 9. Qd2 Be6 10. 0-0-0 Nxd4 11. Bxd4 Qa5 12. a3 Rfc8 13. h4 Rab8 14. h5 b5 15. hxg6 fxg6 16. g5 b4 17. Nb5 a6 18. gxf6 exf6 19. Nxd6 Rc6 20. Qh2 Qc7 21. axb4 Rxd6 22. Qxh7+ Kf7 23. Rg1 1-0

[Event "CFriend AH-2003-0-00001 email"]
[Site "Chessfriend.com"]
[Date "2003.04.08"]
[Round "?"]
[White "Grkinic, Goran"]
[Black "Godlauskas, Arturas"]
[Result "1-0"]
[WhiteElo "1942"]
[BlackElo "1800"]
[PlyCount "53"]
[EventDate "2003.??.??"]
[EventType "tourn (corr)"]
[EventRounds "12"]
[SourceTitle "Corr 2008"]
[Source "ChessBase"]
[SourceDate "2008.06.24"]
[SourceVersion "1"]
[SourceVersionDate "2008.06.24"]
[SourceQuality "1"]

1. d4 Nf6 2. c4 g6 3. Nc3 Bg7 4. e4 d6 5. f3 0-0 6. Be3 Nc6 7. Nge2 a6 8. h4 h5 9. Nc1 Nd7 10. Nb3 a5 11. a4 Nb4 12. Be2 b6 13. g4 hxg4 14. fxg4 c5 15. h5 cxd4 16. Nxd4 Nc5 17. Nd5 Bb7 18. g5 Be5 19. hxg6 fxg6 20. Rh6 Kg7 21. Bh5 Bg3+ 22. Kd2 Nxe4+ 23. Ke2 Bxd5 24. cxd5 Qc8 25. Ne6+ Kg8 26. Rxg6+ Kh8 27. Qd4+ 1-0